000 00296nam a22001337a 4500
008 170927b xxu||||| |||| 00| 0 eng d
020 _a9780226520056
041 _aeng
080 _a37
100 _a46
101 _aEDU
245 _aTHE FUTURE OF ACADEMIC FREDOM
_cMENAND,L
942 _2udc
_cBK
999 _c30144
_d30144